Carré parfait - Statistiques

Statistiques générales
  • Ce quiz a été pris 1 256 fois
  • Le résultat moyen est 18 sur 21
Statistiques - réponses
Hint Réponse % Correct
1
100%
0
99%
16
99%
25
99%
36
99%
4
99%
9
99%
10² 100
98%
49
98%
81
98%
64
97%
11² 121
93%
12² 144
88%
13² 169
78%
20² 400
73%
15² 225
71%
14² 196
70%
16² 256
55%
17² 289
49%
18² 324
48%
19² 361
45%
Aucun quiz correspondant
Distribution des résultats
% des personnes avec chaque résultat
Percentile par nombre de réponses
Votre historique - résultats
Vous n’avez pas pris ce quiz